000 00382cam a22001337a 4500
008 180718b1961 xxu||||| |||| 00| 0 eng d
082 _aA99 W36/F381
100 _aFergusson, Bernard
245 _aWavell, portrait of soldier
_cby Bernerd Fergusson
260 _aLondon
_bCollins
_c1961
300 _a96p.
500 _a12/-
650 _aWavell, Archibald Percival, Ist Earl 1883-1950
999 _c365359
_d365359